[Event "Muensterland op 38th"]
[Site "Muenster"]
[Date "2021.10.08"]
[Round "1"]
[White "Teschler, Ansgar"]
[Black "Schmitzer, Klaus"]
[Result "0-1"]
[WhiteElo "1837"]
[BlackElo "2251"]
[PlyCount "132"]
[EventDate "2021.10.08"]
[EventType "swiss"]
[EventRounds "9"]
[EventCountry "GER"]
[SourceTitle "EXT 2023"]
[Source "ChessBase"]
[SourceDate "2022.10.05"]
[SourceVersion "1"]
[SourceVersionDate "2022.10.05"]
[SourceQuality "1"]

1. e4 c6 2. d4 d5 3. Nc3 dxe4 4. Nxe4 Nf6 5. Nxf6+ gxf6 6. Nf3 Bg4 7. Be2 e6 8. Bf4 Bd6 9. Qd2 Qc7 10. Bxd6 Qxd6 11. 0-0-0 Nd7 12. Kb1 0-0-0 13. h3 Bf5 14. Bd3 Bg6 15. Rhe1 Nb6 16. Ka1 Nd5 17. c4 Nf4 18. Bxg6 hxg6 19. Re4 g5 20. Ne1 c5 21. g3 f5 22. Re5 Qxe5 23. dxe5 Rxd2 24. Rxd2 Ng6 25. Nd3 Rxh3 26. Kb1 b6 27. Kc2 Kc7 28. a3 a5 29. Kc3 a4 30. b4 axb3 31. Kxb3 f4 32. gxf4 Nxf4 33. Kc2 Rf3 34. Nxf4 Rxf4 35. Kd3 Rd4+ 36. Kc3 Re4 37. a4 Rxe5 38. Ra2 Rf5 39. Kd3 Rf3+ 40. Ke4 Rc3 41. a5 Rxc4+ 42. Ke3 b5 43. Rb2 Kc6 44. f3 Rc3+ 45. Kf2 Ra3 46. a6 Rxa6 47. Ke3 Ra3+ 48. Ke2 b4 49. Rd2 c4 50. f4 g4 51. Kf2 Rf3+ 52. Ke2 Rxf4 53. Ke3 e5 54. Rd8 f5 55. Rc8+ Kd7 56. Rh8 Rf3+ 57. Ke2 b3 58. Rh7+ Kd6 59. Rh6+ Kd5 60. Rh8 b2 61. Rd8+ Ke4 62. Rb8 Rb3 63. Rc8 Rb4 64. Rd8 b1Q 65. Rd2 c3 66. Rb2 Rxb2# 0-1

[Event "Steinfurt Bezirksliga 1718"]
[Site "Germany"]
[Date "2018.03.17"]
[Round "6.1"]
[White "Bienhuels, Franz Josef"]
[Black "Teschler, Ansgar"]
[Result "1/2-1/2"]
[WhiteElo "1867"]
[BlackElo "1715"]
[PlyCount "91"]
[EventDate "2017.09.23"]
[EventType "team-tourn"]
[EventRounds "7"]
[EventCountry "GER"]
[SourceTitle "EXT 2019"]
[Source "ChessBase"]
[SourceDate "2018.10.10"]
[SourceVersion "1"]
[SourceVersionDate "2018.10.10"]
[SourceQuality "1"]
[WhiteTeam "Westerkappeln"]
[BlackTeam "Emsdetten Rochade V"]
[WhiteTeamCountry "GER"]
[BlackTeamCountry "GER"]

1. Nf3 c5 2. g3 d5 3. c4 Nf6 4. cxd5 Nxd5 5. Nc3 Nc6 6. Bg2 Nc7 7. 0-0 e5 8. d3 Be7 9. Nd2 Be6 10. Nc4 f6 11. Bxc6+ bxc6 12. Qa4 Qd7 13. Ne4 h5 14. Be3 h4 15. Bxc5 hxg3 16. Ncd6+ Kf8 17. fxg3 Ne8 18. Qb4 a5 19. Qb7 Rd8 20. Qxd7 Rxd7 21. Nc4 Bxc4 22. dxc4 Bxc5+ 23. Nxc5 Rd2 24. Rf2 Rxb2 25. Nd3 Rc2 26. Nxe5 Rh5 27. Ng6+ Kf7 28. Nf4 Rc5 29. Nd3 Rg5 30. c5 Nc7 31. e4 Rc3 32. Rf3 Ke7 33. Raf1 Nb5 34. Rd1 Rh5 35. Rf2 Ra3 36. Rc2 Nd4 37. Rf2 Ne6 38. Rc2 Nd4 39. Rb2 Nf3+ 40. Kf1 Nxh2+ 41. Ke2 Ng4 42. Rb7+ Ke8 43. Rb8+ Ke7 44. Rb7+ Ke8 45. Rb8+ Ke7 46. Rb7+ 1/2-1/2

[Event "Steinfurt Bezirksliga 1718"]
[Site "Germany"]
[Date "2018.02.24"]
[Round "5.2"]
[White "Lachmuth, Mathias"]
[Black "Teschler, Ansgar"]
[Result "1/2-1/2"]
[WhiteElo "1676"]
[BlackElo "1715"]
[PlyCount "87"]
[EventDate "2017.09.23"]
[EventType "team-tourn"]
[EventRounds "7"]
[EventCountry "GER"]
[SourceTitle "EXT 2019"]
[Source "ChessBase"]
[SourceDate "2018.10.10"]
[SourceVersion "1"]
[SourceVersionDate "2018.10.10"]
[SourceQuality "1"]
[WhiteTeam "Reckenfeld"]
[BlackTeam "Emsdetten Rochade V"]
[WhiteTeamCountry "GER"]
[BlackTeamCountry "GER"]

1. Nf3 c5 2. b3 d5 3. e3 Nc6 4. Bb2 f6 5. d4 Bg4 6. Be2 e6 7. Nbd2 Bd6 8. dxc5 Bxc5 9. c4 Nge7 10. a3 a5 11. 0-0 0-0 12. Nd4 Bxe2 13. Qxe2 Qd6 14. Nb5 Qd7 15. Rfd1 Rfd8 16. Ne4 b6 17. Bxf6 Rf8 18. Bb2 Rf7 19. Ng5 Rf5 20. Qg4 Ng6 21. Nf3 Raf8 22. Rd2 Qf7 23. Rad1 dxc4 24. Rd7 Nce7 25. bxc4 e5 26. R1d2 Qe6 27. Ng5 Qc6 28. Rc7 Qa8 29. Nf3 h5 30. Qg3 Qe4 31. h3 R8f6 32. Rd8+ Kh7 33. Ng5+ Rxg5 34. Qxg5 Rf5 35. Qg3 Qb1+ 36. Bc1 Qxc1+ 37. Kh2 Qe1 38. Nd6 Rxf2 39. Rxe7 Nxe7 40. Nf7 Ng8 41. Ng5+ Kh8 42. Nf7+ Kh7 43. Ng5+ Kh8 44. Nf7+ 1/2-1/2

[Event "NRW Class1 1718"]
[Site "Germany"]
[Date "2017.12.17"]
[Round "4.8"]
[White "Teschler, Ansgar"]
[Black "Sudbrock, Ralf"]
[Result "0-1"]
[WhiteElo "1739"]
[BlackElo "2053"]
[PlyCount "44"]
[EventDate "2017.09.17"]
[EventType "team-tourn"]
[EventRounds "9"]
[EventCountry "GER"]
[SourceTitle "EXT 2019"]
[Source "ChessBase"]
[SourceDate "2018.10.10"]
[SourceVersion "1"]
[SourceVersionDate "2018.10.10"]
[SourceQuality "1"]
[WhiteTeam "Emsdetten Rochade"]
[BlackTeam "Bielefeld"]
[WhiteTeamCountry "GER"]
[BlackTeamCountry "GER"]

1. d4 g6 2. c4 Bg7 3. e4 d6 4. Nc3 e5 5. Nge2 Nc6 6. Be3 f5 7. f3 Nf6 8. d5 Ne7 9. Qd2 0-0 10. 0-0-0 a6 11. Kb1 b5 12. Qc2 b4 13. Na4 fxe4 14. fxe4 Nxe4 15. Ka1 Nf2 16. Bxf2 Rxf2 17. h3 Nf5 18. Rd2 Bh6 19. Rd3 e4 20. Rb3 Qe8 21. Rxb4 Ng3 22. Rg1 Nxf1 0-1

[Event "GER-ch U25-A"]
[Site "Willingen"]
[Date "2017.06.07"]
[Round "6"]
[White "Teschler, Ansgar"]
[Black "Schlick, Stefan"]
[Result "1/2-1/2"]
[WhiteElo "1595"]
[BlackElo "1888"]
[PlyCount "44"]
[EventDate "2017.06.04"]
[EventType "swiss"]
[EventRounds "9"]
[EventCountry "GER"]
[SourceTitle "CBM 178 Extra"]
[Source "ChessBase"]
[SourceDate "2017.06.22"]
[SourceVersion "1"]
[SourceVersionDate "2017.06.22"]
[SourceQuality "1"]

1. d4 Nf6 2. c4 e5 3. dxe5 Ng4 4. Bf4 g5 5. Bg3 Bg7 6. Nf3 Nc6 7. Nc3 Ngxe5 8. Nxe5 Nxe5 9. e3 d6 10. h4 Be6 11. Qb3 g4 12. Be2 h5 13. 0-0 Ng6 14. Nd5 b6 15. Rfd1 Bxd5 16. cxd5 Nxh4 17. Qa4+ Kf8 18. Rac1 Nf5 19. Bf4 a5 20. Rc2 Ra7 21. Rdc1 Bh6 22. Bd3 Ne7 1/2-1/2

[Event "GER-ch U25-A"]
[Site "Willingen"]
[Date "2017.06.04"]
[Round "1"]
[White "Leser, Stefan"]
[Black "Teschler, Ansgar"]
[Result "0-1"]
[WhiteElo "1773"]
[BlackElo "1595"]
[PlyCount "94"]
[EventDate "2017.06.04"]
[EventType "swiss"]
[EventRounds "9"]
[EventCountry "GER"]
[SourceTitle "CBM 178 Extra"]
[Source "ChessBase"]
[SourceDate "2017.06.22"]
[SourceVersion "1"]
[SourceVersionDate "2017.06.22"]
[SourceQuality "1"]

1. e4 c5 2. Nf3 d6 3. d4 cxd4 4. Nxd4 Nf6 5. Nc3 g6 6. Be3 Bg7 7. f3 0-0 8. Qd2 Nc6 9. 0-0-0 d5 10. exd5 Nxd5 11. Nxc6 bxc6 12. Bd4 e5 13. Bc5 Be6 14. Ne4 Re8 15. h4 h6 16. g4 Qc7 17. g5 h5 18. Bc4 Rad8 19. Qf2 Nf4 20. Bxe6 Nxe6 21. Bxa7 Ra8 22. Bb6 Qb8 23. Rd7 Rxa2 24. Kb1 Qa8 25. Ba7 Ra5 26. Rhd1 c5 27. Nd6 Rf8 28. Qd2 Rxa7 29. Rxa7 Qxa7 30. Ne4 Rd8 31. Qe2 Ra8 32. c3 Qa2+ 33. Kc1 c4 34. Nf6+ Bxf6 35. gxf6 Nf4 36. Qc2 Nd3+ 37. Kd2 Qxb2 38. Rb1 Qxc2+ 39. Kxc2 Ra2+ 40. Kd1 Rf2 41. Rb8+ Kh7 42. Rf8 Rxf3 43. Rxf7+ Kg8 44. Rg7+ Kf8 45. Rxg6 Rf2 46. f7 Rxf7 47. Rc6 Rf4 0-1

[Event "GER-ch U25-A"]
[Site "Willingen"]
[Date "2017.06.04"]
[Round "2"]
[White "Teschler, Ansgar"]
[Black "Helmer, Jan"]
[Result "0-1"]
[WhiteElo "1595"]
[BlackElo "1809"]
[PlyCount "54"]
[EventDate "2017.06.04"]
[EventType "swiss"]
[EventRounds "9"]
[EventCountry "GER"]
[SourceTitle "CBM 178 Extra"]
[Source "ChessBase"]
[SourceDate "2017.06.22"]
[SourceVersion "1"]
[SourceVersionDate "2017.06.22"]
[SourceQuality "1"]

1. d4 e6 2. c4 f5 3. Nc3 Bb4 4. g3 Nf6 5. Bg2 0-0 6. Nf3 d6 7. 0-0 Bxc3 8. bxc3 Nbd7 9. Bg5 Qe8 10. Qc2 h6 11. Bxf6 Nxf6 12. Nd2 e5 13. e4 f4 14. Rad1 Qh5 15. c5 Be6 16. cxd6 cxd6 17. Nf3 fxg3 18. fxg3 Ng4 19. Rde1 Bc4 20. h3 Bxf1 21. hxg4 Qxg4 22. Rxf1 Qxg3 23. Qf2 Qxf2+ 24. Rxf2 Rac8 25. dxe5 dxe5 26. Nxe5 Rxf2 27. Kxf2 Rxc3 0-1

[Event "Steinfurt Bezirksklasse 1415"]
[Site "Germany"]
[Date "2015.02.21"]
[Round "6.3"]
[White "Teschler, Ansgar"]
[Black "Muhmann, Reinhard"]
[Result "1/2-1/2"]
[WhiteElo "1403"]
[BlackElo "1462"]
[PlyCount "53"]
[EventDate "2014.09.20"]
[EventType "team-tourn"]
[EventRounds "9"]
[EventCountry "GER"]
[SourceTitle "EXT 2016"]
[Source "ChessBase"]
[SourceDate "2015.10.08"]
[SourceVersion "1"]
[SourceVersionDate "2015.10.08"]
[SourceQuality "1"]
[WhiteTeam "Reckenfeld II"]
[BlackTeam "Emsdetten Rochade IV"]
[WhiteTeamCountry "GER"]
[BlackTeamCountry "GER"]

1. d4 Nf6 2. Nf3 g6 3. c4 Bg7 4. Nc3 0-0 5. Bf4 c5 6. e3 Nh5 7. Bg3 Nxg3 8. hxg3 Nc6 9. d5 Ne5 10. Nxe5 Bxe5 11. f4 Bxc3+ 12. bxc3 e6 13. Bd3 b6 14. Kf2 d6 15. Qf3 Bd7 16. Rh2 Qf6 17. Rah1 Qxc3 18. Rxh7 Qxd3 19. Rh8+ Kg7 20. R8h7+ Kf6 21. g4 Ke7 22. dxe6 Bxe6 23. Qb7+ Bd7 24. Rg7 Rfe8 25. Rxf7+ Kxf7 26. Qxd7+ Kg8 27. Qe6+ 1/2-1/2

[Event "Steinfurt Bezirksklasse 1415"]
[Site "Germany"]
[Date "2014.12.13"]
[Round "4.4"]
[White "Hoppe, Nico"]
[Black "Teschler, Ansgar"]
[Result "1-0"]
[WhiteElo "1086"]
[BlackElo "1403"]
[PlyCount "31"]
[EventDate "2014.09.20"]
[EventType "team-tourn"]
[EventRounds "9"]
[EventCountry "GER"]
[SourceTitle "EXT 2016"]
[Source "ChessBase"]
[SourceDate "2015.10.08"]
[SourceVersion "1"]
[SourceVersionDate "2015.10.08"]
[SourceQuality "1"]
[WhiteTeam "Emsdetten Turm IV"]
[BlackTeam "Reckenfeld II"]
[WhiteTeamCountry "GER"]
[BlackTeamCountry "GER"]

1. e4 e5 2. Nf3 Nf6 3. Nc3 Bb4 4. Bc4 Nc6 5. d3 d5 6. exd5 Nxd5 7. Bxd5 Qxd5 8. Bd2 Qd6 9. 0-0 Bg4 10. h3 Be6 11. Nb5 Qe7 12. Bxb4 Nxb4 13. Re1 f6 14. Nxe5 fxe5 15. Rxe5 Nc6 16. Rxe6 1-0

[Event "Steinfurt Bezirksliga 1314"]
[Site "Germany"]
[Date "2014.05.17"]
[Round "9.8"]
[White "Gutjahr, Vladimir"]
[Black "Teschler, Ansgar"]
[Result "1-0"]
[WhiteElo "1351"]
[BlackElo "1327"]
[PlyCount "60"]
[EventDate "2013.09.14"]
[EventType "team-tourn"]
[EventRounds "9"]
[EventCountry "GER"]
[SourceTitle "EXT 2015"]
[Source "ChessBase"]
[SourceDate "2014.11.20"]
[SourceVersion "1"]
[SourceVersionDate "2014.11.20"]
[SourceQuality "1"]
[WhiteTeam "Steinfurt III"]
[BlackTeam "Reckenfeld"]
[WhiteTeamCountry "GER"]
[BlackTeamCountry "GER"]

1. d4 Nf6 2. Nf3 g6 3. c3 Bg7 4. Bg5 d5 5. Nbd2 c5 6. dxc5 Qc7 7. Nb3 e6 8. e3 Nbd7 9. Bb5 0-0 10. Bxd7 Bxd7 11. Bf4 Qc6 12. Bd6 Rfd8 13. Ne5 Qa4 14. Qd4 Ne4 15. 0-0 Qxd4 16. exd4 Nxd6 17. cxd6 Bb5 18. Rfe1 Rxd6 19. a4 Bc6 20. Nc5 b5 21. Nxc6 Rxc6 22. axb5 Rb6 23. Ra5 Rab8 24. Rxa7 Rxb5 25. b4 Bxd4 26. cxd4 Rxb4 27. Nd7 R8b5 28. Rd1 Rc4 29. Ne5 Rc2 30. Rxf7 Rbb2 1-0

[Event "Steinfurt Bezirksliga 1213"]
[Site "Germany"]
[Date "2012.12.22"]
[Round "4.6"]
[White "Teschler, Ansgar"]
[Black "Ulunque Villazon, Stephen"]
[Result "0-1"]
[WhiteElo "1413"]
[BlackElo "1551"]
[PlyCount "44"]
[EventDate "2012.09.22"]
[EventType "team-tourn"]
[EventRounds "9"]
[EventCountry "GER"]
[SourceTitle "EXT 2015"]
[Source "ChessBase"]
[SourceDate "2014.11.20"]
[SourceVersion "1"]
[SourceVersionDate "2014.11.20"]
[SourceQuality "1"]
[WhiteTeam "Reckenfeld II"]
[BlackTeam "Saerbeck II"]
[WhiteTeamCountry "GER"]
[BlackTeamCountry "GER"]

1. d4 d5 2. c4 e6 3. Nc3 Nf6 4. Bg5 Be7 5. e3 0-0 6. Rc1 Nbd7 7. Nf3 b6 8. cxd5 exd5 9. Bd3 Bb7 10. 0-0 Rc8 11. Re1 Re8 12. e4 dxe4 13. Bxf6 exf3 14. Bxe7 Rxe7 15. Qc2 g6 16. Be4 Bxe4 17. Rxe4 fxg2 18. Nd5 Rxe4 19. Qxe4 Nf6 20. Ne7+ Kf8 21. Nc6 Nxe4 22. Nxd8 Rxd8 0-1